000 00642nam a22002417a 4500
999 _c5982
_d5982
001 5982
003 BD-JhCC
005 20171231165514.0
008 171231s1973 -ukado|| |||| 00| 0 eng d
020 _a333130618
035 _a(BD-JhCC)5982
040 _aBD-JhCC
_dBD-JhCC
041 _aeng
082 _a604.24076
_bCUT 1973
100 _aCuthbert, B. G.
245 _aDesign Projects in Technical Drawing /
_cB. G.Cuthbert and M. R. Pattenden
260 _aLondon :
_bMacmillan;
_c1973.
300 _a77 p.:
_bill. ;
_c26 cm
500 _aIncludes illustration
650 _aMechanical Drawing
942 _2ddc
_cBK